00417nam a2200157Ia 4500003000400000005001700004008004100021020001800062040000900080082001800089100002900107245005900136260003800195300000800233650001800241OSt20201110103140.0190216s9999||||xx |||||||||||||| ||und|| a9780140157499 coclc a863.64bMAR/N aMarquez, Gabriel Garcia 0aNo One Writes To The Colonel /cGabriel Garcia Marquez bPenguin Books,c1968.aNew Delhi: a67p aWorld History